Green belts for a greener future (Record no. 81582)

MARC details
000 -LEADER
fixed length control field 00955cab a22002295a 4500
001 - CONTROL NUMBER
control field E147597
008 - FIXED-LENGTH DATA ELEMENTS--GENERAL INFORMATION
fixed length control field 090527s2009 xxk 000 0 eng d
035 ## - SYSTEM CONTROL NUMBER
System control number (Sirsi) u147597
041 0# - LANGUAGE CODE
Language code of text/sound track or separate title eng
110 2# - MAIN ENTRY--CORPORATE NAME
Corporate name or jurisdiction name as entry element Campaign to Protect Rural England
9 (RLIN) 4718
245 00 - TITLE STATEMENT
Title Green belts for a greener future
Remainder of title survey
Medium [electronic resource]
260 ## - PUBLICATION, DISTRIBUTION, ETC.
Date of publication, distribution, etc. 2009
490 ## - SERIES STATEMENT
Series statement CPRE News Release
520 ## - SUMMARY, ETC.
Summary, etc. Announces the launch of a survey on how people think the green belt should be used. The survey is open to those who live or own land in London, Bristol or Mersyside, and runs from April to July 2009.
590 ## - LOCAL NOTE (RLIN)
Local note KA NTK
651 #4 - SUBJECT ADDED ENTRY--GEOGRAPHIC NAME
Geographic name London
651 #4 - SUBJECT ADDED ENTRY--GEOGRAPHIC NAME
Geographic name Bristol
651 #4 - SUBJECT ADDED ENTRY--GEOGRAPHIC NAME
Geographic name Merseyside
690 ## - LOCAL SUBJECT ADDED ENTRY--TOPICAL TERM (OCLC, RLIN)
Topical term or geographic name as entry element ENVIRONMENTAL AND LAND CONSULTANCY-PLANNING AND DEVELOPMENT
856 40 - ELECTRONIC LOCATION AND ACCESS
Uniform Resource Identifier <a href="https://www.cpre.org.uk/campaigns/planning/green-belts/green-belts-green-belts-for-a-greener-future-survey">https://www.cpre.org.uk/campaigns/planning/green-belts/green-belts-green-belts-for-a-greener-future-survey</a>
Public note View the survey free of charge at www.cpre.org.uk...
942 ## - ADDED ENTRY ELEMENTS (KOHA)
Suppress in OPAC 0
Holdings
Withdrawn status Lost status Source of classification or shelving scheme Damaged status Not for loan Home library Current library Shelving location Date acquired Total Checkouts Full call number Barcode Date last seen Copy number Price effective from Koha item type
    Dewey Decimal Classification     Virtual Virtual Online 27/05/2009   ONLINE PUBLICATION 147597-2001 06/08/2019 1 06/08/2019 Journal article